RICS goes global (Record no. 67592)
[ view plain ]
| 000 -LEADER | |
|---|---|
| fixed length control field | 00767cam a2200193 4500 |
| 001 - CONTROL NUMBER | |
| control field | WB3726-26 |
| 008 - FIXED-LENGTH DATA ELEMENTS--GENERAL INFORMATION | |
| fixed length control field | 000000n2001 000 0 eng u |
| 035 ## - SYSTEM CONTROL NUMBER | |
| System control number | (Sirsi) u113448 |
| 245 ## - TITLE STATEMENT | |
| Title | RICS goes global |
| 260 ## - PUBLICATION, DISTRIBUTION, ETC. | |
| Date of publication, distribution, etc. | 2001 |
| 490 ## - SERIES STATEMENT | |
| Series statement | RICS Press Release |
| Volume/sequential designation | (pr090) 3 July 2001, (3) |
| 520 ## - SUMMARY, ETC. | |
| Summary, etc. | The new international RICS Governing Council has held its first meeting with debates about the environments in which chartered surveyors operate. The Governing Council was assembled to respond to accelerating economic globalisation in the profession with 20% of RICS members practising outside of the UK. |
| 590 ## - LOCAL NOTE (RLIN) | |
| Local note | WB |
| 650 ## - SUBJECT ADDED ENTRY--TOPICAL TERM | |
| Topical term or geographic name entry element | SURVEYING PROFESSION |
| 650 ## - SUBJECT ADDED ENTRY--TOPICAL TERM | |
| Topical term or geographic name entry element | RICS GOVERNING COUNCIL |
| 650 ## - SUBJECT ADDED ENTRY--TOPICAL TERM | |
| Topical term or geographic name entry element | GLOBALISATION |
| 690 ## - LOCAL SUBJECT ADDED ENTRY--TOPICAL TERM (OCLC, RLIN) | |
| Topical term or geographic name as entry element | RICS NEWS |
| 942 ## - ADDED ENTRY ELEMENTS (KOHA) | |
| Suppress in OPAC | 0 |
| Withdrawn status | Lost status | Source of classification or shelving scheme | Damaged status | Not for loan | Home library | Current library | Shelving location | Date acquired | Total Checkouts | Full call number | Barcode | Date last seen | Copy number | Price effective from | Koha item type |
|---|---|---|---|---|---|---|---|---|---|---|---|---|---|---|---|
| Dewey Decimal Classification | London | London | News article | 04/07/2001 | WB3726-26 | 113448-1001 | 06/08/2019 | 1 | 06/08/2019 | News article |